| 000 | 00620nam a2200217 a 4500 | ||
|---|---|---|---|
| 005 | 20140310183440.0 | ||
| 008 | 080424s19uu xx 00 eng d | ||
| 020 | _a0-13-118189-0 | ||
| 050 |
_aRC 750 _b.Sm642 2006 |
||
| 100 | _aSmith-Beirne, Mary | ||
| 245 |
_aMental retardation : _ba introduction to intellectual disabilities. |
||
| 250 | _a7th ed. | ||
| 260 |
_aNew Jersey : _bMerrill Prentice Hall, _c2006. |
||
| 300 |
_a543 p. : _bill. ; _c35 cm. |
||
| 521 | _aPSYCH | ||
| 650 | _aMental retardation. | ||
| 700 | _aPatton, James R. | ||
| 700 | _aKim, Shannon H. | ||
| 942 |
_cBK _2lcc _kFOR |
||
| 999 |
_c23071 _d23071 |
||